| 000 | 00385nam a2200145Ia 4500 | ||
|---|---|---|---|
| 008 | 260223s2025 xx 000 0 und d | ||
| 020 | _a9789390619184 | ||
| 041 | _aeng | ||
| 082 | _a618.2/SAN | ||
| 100 | _aKaur Sandeep | ||
| 245 |
_aMidwifery & Gynecological Nursing.(GNM) _bGynecological Nursing |
||
| 260 |
_aNew Delhi _bCBS,Pub. _c2025 |
||
| 300 | _a714P | ||
| 650 | _aMidwifery | ||
| 999 |
_c1216359 _d1216359 |
||